The songs of insects ; with related material on the production, propagation, detection and measurement of sonic and supersonic vibrations.

Bibliographic Details
Main Author: Pierce, George Washington, 1872-1956
Format: Book
Language:English
Published: Cambridge : Harvard University Press, 1948.
Subjects:

MARC

Tag First Indicator Second Indicator Subfields
LEADER 00000cam a2200000 4500
001 in00000048798
005 20151007075651.0
008 740226s1948 maua 00000 eng u
010 |a  48003073  
035 |a (OCoLC)00813387 
035 |9 AAF3622AM 
040 |c WOO  |d TXA  |d UtOrBLW 
049 |a TXAM  |c [158737] 
050 0 0 |a QL597  |b .P5 
082 0 |a 595.7 
092 |a 595.7  |b P616s 
100 1 |a Pierce, George Washington,  |d 1872-1956. 
245 1 4 |a The songs of insects ;  |b with related material on the production, propagation, detection and measurement of sonic and supersonic vibrations. 
264 1 |a Cambridge :  |b Harvard University Press,  |c 1948. 
300 |a vii, 329 pages :  |b illustrations ;  |c 24 cm. 
336 |a text  |b txt  |2 rdacontent 
337 |a unmediated  |b n  |2 rdamedia 
338 |a volume  |b nc  |2 rdacarrier 
650 0 |a Insects  |x Behavior. 
650 0 |a Insect sounds. 
650 0 |a Sound  |x Recording and reproducing. 
999 |a MARS 
999 f f |s 370502be-aeb5-38db-8589-6d361569fab2  |i 3a95d7e1-c7a0-3053-872d-e6cf9412a234  |t 0 
952 f f |p ric  |a Texas A&M University  |b Rellis Campus  |c Joint Library Facility  |d Remote Storage  |t 0  |e QL597 .P5  |h Library of Congress classification  |i unmediated -- volume  |m A14801013639 
998 f f |a QL597 .P5  |t 0  |l Remote Storage